1475 1081 1055 1192 1504 1885 1706 1602 1236 1676 1522 1220 1083 1309 1262 1008 1609 1883 1936 1758 1108 1801 1941 1728 1240 1588 1926 1882 1333 1586 1004 1334 1685 1277 1291 1061 1678 1213 1265 1797 1345 1267 1194 1280 1340 1123 1461 1959 1674 1768 1271 1364 1691 1568 1519 1460 1750 1135 1877 1471 1282 1562 1050 1890 1756 1688 1486 1977 1630 1132 1909 1013 1319 1602 1565 1413 1666 1592 1495 1440 1139 1278 1180 1802 1799 1959 1526 1365 1121 1041 1039 1534 1429 1421 1608 1174 1990 1372 1707 BCNSPRNW ULIB Ver.6.0+V

เปลี่ยนเป็นภาษาไทย

Change to English
 แสดงรายละเอียดบรรณานุกรม
  กลับหน้าหลัก

Brief Record : Get Marc (ISO 2709) : E-mail record : QR code < ปิดหน้าต่าง
LEADER : 00000nam 2200000uu 4500
001    13399121561
003     ULIB
008    121123s2549||||th 000 0 tha d
020    ^a9744661232
060 04 ^aWW100^bต367
245 00 ^aตำราปฎิบัติการและหัตถการทางจักษุวิทยา /^cโดยสาขาวิชาจักษุวิทยา คณะแพทยศาสตร์ มหาวิทยาลัยธรรมศาสตร์ ; บรรณาธิการ, ศักดิ์ชัย วงศกิตติรักษ์, ณวพล กาญจนารัณย์
250    ^aพิมพ์ครั้งที่ 1
260    ^aกรุงเทพฯ :^bหมอชาวบ้าน,^c2549
300    ^axii, 171 หน้า :^bภาพประกอบ (สีบางภาพ) ;^c22 ซม.
504    ^aบรรณานุกรมและดัชนี
650  2 ^aOphthalmology
650  7 ^aจักษุวิทยา
650  7 ^aตา, โรค^xการรักษา
700 0  ^aศักดิ์ชัย วงศกิตติรักษ์,^eบรรณาธิการ
700 0  ^aณวพล กาญจนารัณย์,^eบรรณาธิการ
710 2  ^aมหาวิทยาลัยธรรมศาสตร์. ^bคณะแพทยศาสตร์.^bสาขาวิชาจักษุวิทยา
945    ^p250^l0^i24773
995    ^aวิภา
999 ^a ใช้งานได้ทุกระบบ
รายการนี้ยังไม่มีแท็ก
คุณยังไม่ได้ล็อกอิน คุณสามารถมีกิจกรรมร่วมกับเว็บไซต์ได้ แต่ต้องล็อกอินก่อน ::
  ล็อกอิน

รายการสื่อสารสนเทศ

ลำดับที่ ประเภท เลขเรียก/บาร์โค้ด สถานที่ สถานะ
1. วิทยาศาสตร์การแพทย์ และสุขภาพ
วิทยาศาสตร์การแพทย์ และสุขภาพ
WW100 ต367  
  Barcode: 24773
ห้องสมุดวิทยาเขตสวรรค์ประชารักษ์
►หนังสือทั่วไป
บนชั้น

รายการใกล้เคียง
    หัวเรื่อง [Ophthalmology]
    หัวเรื่อง [จักษุวิทยา]

BibComment


ยังไม่เคยถูกคอมเมนท์

คอมเมนท์ทรัพยากรรายการนี้
  คอมเมนท์: ตำราปฎิบัติการแล..


 Copyright 2026. Bcnsprnw @Library